| 000 | 00549nam a22002057a 4500 | ||
|---|---|---|---|
| 003 | LK-CoMWRAF | ||
| 005 | 20231030101949.0 | ||
| 008 | 231030b |||||||| |||| 00| 0 eng d | ||
| 020 | _a9789551076009 | ||
| 040 |
_aLK-CoMWRAF _dLK-CoMWRAF _eLK-CoMWRAF |
||
| 041 | _aeng | ||
| 082 |
_a823 _bSAN |
||
| 100 | _aSanderatne, Nimal | ||
| 245 |
_aThe Gurus library : _bTwelve short stories |
||
| 260 |
_aMahanuwara : _bKandy books, _c2004 |
||
| 300 | _a119p. ; 21cm | ||
| 650 | _aEnglish Fiction | ||
| 650 | _aEnglish Fiction--Sri Lanka | ||
| 942 | _cBK | ||
| 999 |
_c4043 _d4043 |
||